| 000 | 01221nam a2200265 a 4500 | ||
|---|---|---|---|
| 001 | 71201 | ||
| 003 | BD-RjUL | ||
| 005 | 20211209082104.0 | ||
| 008 | 170429s1972 ii a|||| |||| 001 0 ben d | ||
| 020 | _c: TK. 10.00 | ||
| 035 | _a(BD-RjUL)71416 | ||
| 040 |
_aBD-RjUL _bben _cBD-RjUL _dBD-RjUL |
||
| 041 | _aben | ||
| 082 |
_223 _a621.3 _bGOA 1972 |
||
| 100 |
_aগঙ্গোপাধ্যায়, শিবপ্রসাদ _9163704 |
||
| 245 |
_aএ. সি. মেসিন : _b[ পশ্চিমবঙ্গ সরকারের ইলেক্ট্টিক্যাল......] / _cশিবপ্রসাদ গঙ্গোপাধ্যায়; সুধাংশু সমাদ্দার |
||
| 260 |
_aকলিকাতা : _bনিউ সেন্ট্রাল বুক এজেন্সী, _c১৯৭২. |
||
| 300 |
_aখন্ড. : _bচিত্র. ; _c২২ সেমি. |
||
| 500 | _aনির্ঘন্ট সংযুক্ত. | ||
| 505 | _aখন্ড.-১-- | ||
| 650 |
_aবৈদ্যুতিক, চৌম্বক _9210653 |
||
| 650 |
_aElectrical, Magnetic _9210654 |
||
| 700 |
_aসমাদ্দার, সুধাংশু _9163706 |
||
| 942 |
_2ddc _cBK |
||
| 999 |
_c71201 _d71201 |
||